Complete the film title (Tom Cruise) - Statistics

General Stats
  • This quiz has been taken 118 times
  • The average score is 13 of 15
Answer Stats
Film Title % Correct
Top {Gun}
99%
Born On The Fourth of {July}
98%
A Few Good {Men}
97%
Eyes Wide {Shut}
94%
Jerry {Maguire}
94%
Minority {Report}
93%
Risky {Business}
93%
Rain {Man}
91%
Knight And {Day}
87%
Jack {Reacher}
83%
The Color of {Money}
83%
Days of {Thunder}
81%
Edge of {Tomorrow}
79%
The Last {Samurai}
76%
All The Right {Moves}
69%
No matching quizzes found
Score Distribution
Percent of People with Each Score
Percentile by Number Answered
Your Score History
You have not taken this quiz